| 000 | 00926nam a22002537a 4500 | ||
|---|---|---|---|
| 001 | 52767 | ||
| 003 | BD-RjUL | ||
| 005 | 20211209075845.0 | ||
| 008 | 160926s1962 ii ||||| |||| 00| 0 ben d | ||
| 020 | _c: IRs 14.00 | ||
| 035 | _a(BD-RjUL)52887 | ||
| 040 |
_aBD-RjUL _bben _cBD-RjUL |
||
| 041 | _aben | ||
| 082 |
_223 _a808.3 _bGUE 1962 |
||
| 100 |
_aগুপ্ত, অসিত _9157796 |
||
| 245 | 1 | 0 |
_aএই বিশ্বের কথাসাহিত্য / _cঅসিত গুপ্ত |
| 260 |
_aকলিকাতা : _bকাথাকলি, _c১৯৬২ [১৩৬৯] |
||
| 300 |
_aখণ্ড. ; _c২১ সেমি. |
||
| 504 | _aগ্রন্থপঞ্জি সম্বলিত | ||
| 505 | 0 | _aখণ্ড ১ -- | |
| 650 |
_aRhetoric of fiction _9157775 |
||
| 650 |
_aকথাসাহিত্য অলঙ্কারশাস্ত্র _9157776 |
||
| 942 |
_2ddc _cBK |
||
| 999 |
_c52767 _d52767 |
||